National Seminar on Development Planning of Coastal Placer Minerals : (Record no. 7614)
[ view plain ]
| 000 -LEADER | |
|---|---|
| fixed length control field | 00958 a2200217 4500 |
| 010 ## - LCCN (DPL NO) | |
| LC control number | ENG-88140 |
| 020 ## - INTERNATIONAL STANDARD BOOK NUMBER | |
| International Standard Book Number | 8177649159 |
| Terms of availability | 1200.00 |
| 035 ## - SYSTEM CONTROL NUMBER | |
| System control number | EN-71673 |
| 037 ## - SOURCE OF ACQUISITION | |
| Source of stock number/acquisition | DBAD / PUB |
| 082 14 - DEWEY DECIMAL CLASSIFICATION NUMBER | |
| Classification number | 549.113 |
| 245 10 - TITLE STATEMENT | |
| Title | National Seminar on Development Planning of Coastal Placer Minerals : |
| Remainder of title | PLACER--2005 / |
| Statement of responsibility, etc | edited by V.J.Loveson, N.Chandrasekar [and] A.Sinha |
| 260 ## - PUBLICATION, DISTRIBUTION, ETC. (IMPRINT) | |
| Place of publication, distribution, etc | New Delhi |
| Name of publisher, distributor, etc | Allied Publishers |
| Date of publication, distribution, etc | 2005 |
| 300 ## - PHYSICAL DESCRIPTION | |
| Extent | ix, 272 p. |
| Other physical details | ill., maps ; |
| Dimensions | 28 cm.(Hb) |
| 520 ## - SUMMARY, ETC. | |
| Summary, etc | Papers presented at the conference organized by Central Mining Research Institute in collaboration with Manonmanium Sundaranar University, Tirunelveli during 26the and 27th October 2005; with reference to India. |
| 700 1# - ADDED ENTRY--PERSONAL NAME | |
| Personal name | Loveson, V. J. |
| 700 1# - ADDED ENTRY--PERSONAL NAME | |
| Personal name | Chandrasekar, N. |
| 700 1# - ADDED ENTRY--PERSONAL NAME | |
| Personal name | Sinha, A. |
| 710 2# - ADDED ENTRY--CORPORATE NAME | |
| Corporate name or jurisdiction name as entry element | Manonmaniyam Sundaranar Palkalaikkalakam. |
| 710 2# - ADDED ENTRY--CORPORATE NAME | |
| Corporate name or jurisdiction name as entry element | Central Mining Research Institute (Dhanbad, India) |
| 942 ## - ADDED ENTRY ELEMENTS (KOHA) | |
| Institution code [OBSOLETE] | dpl |
| Item type | English Books |
| Source of classification or shelving scheme | Dewey Decimal Classification |
| Classification part | 549.113 |
| Call number suffix | NAT |
| Withdrawn status | Lost status | Not for loan | Collection code | Home library | Current library | Source of acquisition | Cost, normal purchase price | Full call number | Barcode | Copy number | Cost, replacement price | Koha item type |
|---|---|---|---|---|---|---|---|---|---|---|---|---|
| Not For Loan | Non-fiction | D.B.Act.Division | D.B.Act.Division | DBAD/PUB | 1200.00 | 549.113 NAT | EN-71673 | 1 | 1200.00 | English Books |
